Statistics for French Animals #2

Click here to take the quiz!

General Stats

  • This quiz has been taken 35 times
  • The average score is 17 of 24

Answer Stats

EnglishFrench% Correct
the rabbitle lapin
90%
the ratle rat
90%
the butterflyle papillon
87%
the insectl'insecte
87%
the mousela souris
83%
the leopardle léopard
83%
the whalela baleine
80%
the iguanal'iguane
80%
the turtlela tortue
77%
the roosterle coq
77%
the gorillale gorille
77%
the sheeple mouton
77%
the foxle renard
77%
the sharkle requin
77%
the spiderl'araignée
73%
the scorpionle scorpion
73%
the batla chauve-souris
70%
the giraffela girafe
70%
the chimpanzeele chimpanzé
70%
the spongel'éponge
70%
the henla poule
63%
the buffalole buffle / le bison
63%
the antelopel'antilope
50%
the weasella balette
3%

Score Distribution

Percentile by Number Answered

Percent of People with Each Score

Your Score History

You have not taken this quiz